000 01058nam a2200265Ia 4500
003 OSt
005 20221005110447.0
006 a|||||r|||| 00| 0
007 ta
008 221004b |||||||| |||| 00| 0 hin d
020 _a8188125091 (hbk)
_c275
024 _a105943
037 _b12955, 18/03/2011, Kitab Ghar
_cTextual
040 _aCRL
_cCRL
_bhin
041 _2hin
_ahin
082 _aO152vM5, Q0
100 _aटण्डन, पूरनचंद
245 0 _aहिंदी साहित्य का इतिहास
_b आदिकाल से रीतिकाल तक
246 _aHiandī sāhitya kā itihāsa: ādikāl se rītikāl taka
260 _aनई दिल्ली
_bजगतराम एण्ड संस भारत
_c2010
300 _a311पृ0
_ccm.
700 _a विनीता कुमारी
942 _hO152vM5, Q0
_cTEXL
_2cc
999 _c1018886
_d1018886